Statistics, politics, and policy

Bibliographic Details
Format: Electronic Journal
Language:English
Published: Berkeley, CA : Berkeley Electronic Press
Berlin : De Gruyter
Subjects:
Online Access:Full text available from Research Library: 01/01/2014 to 6 months ago

MARC

LEADER 00000nas a2200000 a 4500
001 ssj0000547796
003 WaSeSS
005 20200512172242.0
006 m d
007 cr n
008 091105c20109999caufx pss 0 a0eng
010 |a  2009202845 
016 7 |a 2598407-X  |2 DE-600 
022 |a 2151-7509 
035 |a (WaSeSS)ssj0000547796 
037 |b Berkeley Electronic Press, 2809 Telegraph Ave., Ste. 202, Berkeley, CA 94705  |c $375.00 (academic, 1 yr.)  |c $1125.00 (corporate, 1 yr.) 
040 |a DLC  |b eng  |e pn  |c DLC  |d DLC  |d UAB  |d HEBIS  |d CUI  |d OCLCQ  |d OCLCF  |d DLC  |d OCLCO  |d DLC  |d OCLCQ  |d AU@  |d OCLCO  |d OCLCQ  |d NTG  |d DLC  |d VT2  |d CUS  |d CNTRU  |d WaSeSS 
042 |a pcc  |a nsdp 
050 0 0 |a HA1 
082 1 0 |a 320  |2 14 
222 0 |a Statistics, politics, and policy 
245 0 0 |a Statistics, politics, and policy  |h [electronic resource]. 
260 |a Berkeley, CA :  |b Berkeley Electronic Press 
260 3 |3 <2014-> :  |a Berlin :  |b De Gruyter 
310 |a Two issues per year,  |b 2012- 
321 |a Annual,  |b 2010-2011 
362 1 |a Began with: Vol. 1, issue 1 (2010). 
506 |a License restrictions may limit access. 
588 |a Description based on: Vol. 1, issue 1 (2010); title from banner (Bepress website, viewed Sept. 8, 2010). 
588 |a Latest issue consulted: Vol. 8, issue 2 (2017) (De Gruyter website viewed Nov. 6, 2018). 
650 0 |a Statistics  |v Periodicals. 
650 0 |a Political planning  |v Periodicals. 
650 7 |a Political planning.  |2 fast  |0 (OCoLC)fst01069460 
650 7 |a Statistics.  |2 fast  |0 (OCoLC)fst01132103 
655 0 |a Electronic journals. 
776 0 8 |i Print version:  |t Statistics, politics, and policy  |x 2194-6299 
850 |a DLC 
856 4 0 |z Full text available from Research Library: 01/01/2014 to 6 months ago  |u https://search.proquest.com/publication/2031309